000 00881nam a22002897a 4500
001 BR2017001228
003 BR-BrBNA
005 20230928105105.0
007 ta
008 230509b bl.||||| |||| 00| 0 por d
040 _aBR-BrBNA
_bpor
_cBiblioteca Nacional de Agricultura
041 _a(Por)
072 _aD10
090 _ D10 BR2017001228
100 1 _aAlbuquerque, G.J. de
110 1 _aUniversidade Federal de Lavras, MG (Brasil)
_0Tese (Mestrado)
245 1 _aGestão de compras públicas: a experiência do registro de preço nacional no fundo nacional de desenvolvimento da educação
260 3 _aLavras, MG (Brasil):
_c2015.
300 _a77 p.
500 _aSummaries (Eng, Por); 46 ref.
650 _aADMINISTRAÇÃO PÚBLICA
650 _aGESTÃO
650 _aPREÇO
650 _aCOMPRA
909 _a202309
_bLucia
_c55
_dLucia Elande
942 _cBK
999 _c83361
_d83361